<?xml version="1.0" encoding="UTF-8"?>
<marc:record xmlns:marc="http://www.loc.gov/MARC21/slim">
   <marc:leader>00000nam a2200000 a 4500</marc:leader>
   <marc:datafield ind1="1" ind2=" " tag="100">
      <marc:subfield code="a">Mr Tan</marc:subfield>
      <marc:subfield code="4">aut</marc:subfield>
      <marc:subfield code="e">Verfasser/-in</marc:subfield>
   </marc:datafield>
   <marc:datafield ind1="1" ind2=" " tag="100">
      <marc:subfield code="a">Miss Prickly</marc:subfield>
   </marc:datafield>
   <marc:datafield ind1="1" ind2=" " tag="100">
      <marc:subfield code="a">Avoort, Birgit van der</marc:subfield>
   </marc:datafield>
   <marc:datafield ind1="0" ind2="0" tag="245">
      <marc:subfield code="a">Ist doch nicht meine Schuld!</marc:subfield>
   </marc:datafield>
   <marc:datafield ind1="0" ind2="0" tag="245">
      <marc:subfield code="c">Mr Tan</marc:subfield>
   </marc:datafield>
   <marc:datafield ind1=" " ind2="1" tag="264">
      <marc:subfield code="a">Berlin</marc:subfield>
      <marc:subfield code="b">Egmont Bäng! Comics</marc:subfield>
      <marc:subfield code="c">2022</marc:subfield>
   </marc:datafield>
   <marc:datafield ind1="1" ind2=" " tag="490">
      <marc:subfield code="a">Die schreckliche Adele</marc:subfield>
      <marc:subfield code="v">3</marc:subfield>
   </marc:datafield>
   <marc:datafield ind1=" " ind2=" " tag="250">
      <marc:subfield code="a">1. Auflage</marc:subfield>
   </marc:datafield>
   <marc:datafield ind1="1" ind2=" " tag="520">
      <marc:subfield code="a">Ich bin sehr gut darin, meinen Mitmenschen das Leben schwerzumachen. Gabriel verwende ich als Blitzableiter, mit Jade und Miranda beschwöre ich Gespenster und meine Katze Ajax melde ich für die Organspende an. Mein hyperaktiver Hamster-Grizzly Fizz allerdings, der macht mir ganz schön Probleme …&#xD;
&#xD;
Ein Pulverfass voller schwarzem Humor gemischt mit einem Funken Furchtlosigkeit – das ist das explosive Rezept für Adele, eine Heldin, die man sich nicht zum Vorbild nehmen sollte...&#xD;
Schnallt euch an, das wird ein Riesenspaß!</marc:subfield>
   </marc:datafield>
   <marc:datafield ind1=" " ind2=" " tag="020">
      <marc:subfield code="a">9783770407033</marc:subfield>
      <marc:subfield code="9">9783770407033</marc:subfield>
   </marc:datafield>
   <marc:datafield ind1=" " ind2=" " tag="041">
      <marc:subfield code="a">ger</marc:subfield>
   </marc:datafield>
   <marc:datafield ind1="0" ind2=" " tag="490">
      <marc:subfield code="v">3</marc:subfield>
   </marc:datafield>
   <marc:datafield ind1=" " ind2=" " tag="300">
      <marc:subfield code="a">94 Seiten</marc:subfield>
   </marc:datafield>
</marc:record>
